000 00373 a2200169 4500
001 192084
020 _a978-85-260-2238-6
040 _cMagnum
100 _aAdruetto, María Teresa
240 1 0 _aO país de joão
_lpor
245 1 0 _aO país de joão
300 _a55
362 0 _a2016
440 1 _aGlobal
697 _aLITERATURA JUVENIL ESTRANGEIRA
942 _cBK
999 _c192084
_d192084